1873 1960 1364 1383 1029 1257 1993 1298 1111 1252 1082 1299 1439 1189 1860 1765 1292 1860 1158 1999 1163 1005 1055 1988 1410 1463 1094 1114 1150 1103 1447 1742 1593 1397 1846 1940 1651 1163 1247 1874 1392 1150 1098 1020 1568 1258 1992 1756 1602 1336 1548 1456 1220 1906 1771 1125 1116 1650 1541 1463 1793 1125 1722 1370 1033 1772 1982 1781 1847 1670 1466 1781 1071 1798 1100 1722 1983 1679 1728 1029 1754 1342 1028 1938 1810 1494 1402 1859 1706 1086 1917 1700 1656 1604 1426 1145 1435 1917 1611 BCNSPRNW ULIB Ver.6.0+V

เปลี่ยนเป็นภาษาไทย

Change to English
 แสดงรายละเอียดบรรณานุกรม
  กลับหน้าหลัก

Brief Record : Get Marc (ISO 2709) : E-mail record : QR code < ปิดหน้าต่าง
LEADER : 00000nam 2200000Ia 4500
001    13399114407
003     ULIB
008    110905s2554 th a 000 0 tha d
020    ^a9789741114849
060 04 ^aWA100^bL784 ล.1
245 00 ^aLive long & strong. ^nเล่ม 1, ^pวัยเด็ก /^cบรรณาธิการ,
246 14 ^aLive long & strong. ^nเล่ม 1, ^pวัยเด็ก :
250    ^aพิมพ์ครั้งที่ 1
260    ^aกรุงเทพฯ :^bศูนย์เสริมพลังสร้างสุขภาพ,^c2554
300    ^a175 หน้า :^bภาพประกอบ ;^c21 ซม.
490 1  ^aคู่มือดูแลสุขภาพกายและใจจาก 3 คณะแพทย์จุฬาฯ รามาฯ ศิริราช
500    ^aSend to Single Search
505 0  ^aล.1. ^tวัยเด็ก คู่มือดูแลสุขภาพแรกเกิด-วัยรุ่น -- ล.2.
650  4 ^aสุขภาพ
650  4 ^aเด็ก^xสุขภาพและอนามัย
650  4 ^aทารก^xสุขภาพและอนามัย
650  4 ^aการดูแลสุขภาพด้วยตนเอง
650  4 ^aวัยรุ่น^xสุขภาพและอนามัย
653    ^aผลงานอาจารย์คณะแพทยศาสตร์ศิริราชพยาบาล
700 0  ^aชิษณุ พันธุ์เจริญ,^eบรรณาธิการ
700 0  ^aกุลภา ศรีสวัสดิ์,^eบรรณาธิการ
700 0  ^aสิรินทร ฉันศิริกาญจน,^eบรรณาธิการ
710 2  ^aมหาวิทยาลัยมหิดล. ^bคณะแพทยศาสตร์โรงพยาบาลรามาธิบดี
710 2  ^aมหาวิทยาลัยมหิดล. ^bคณะแพทยศาสตร์ศิริราชพยาบาล
710 2  ^aจุฬาลงกรณ์มหาวิทยาลัย. ^bคณะแพทยศาสตร์
830  0 ^aคู่มือดูแลสุขภาพกายและใจจาก 3 คณะแพทย์จุฬาฯ รามาฯ ศิริราช
945    ^p150^l0^i031526
945    ^p150^l0^i031527
945    ^p150^l0^i031528
995    ^aเกษร
999 ^a ใช้งานได้ทุกระบบ
รายการนี้ยังไม่มีแท็ก
คุณยังไม่ได้ล็อกอิน คุณสามารถมีกิจกรรมร่วมกับเว็บไซต์ได้ แต่ต้องล็อกอินก่อน ::
  ล็อกอิน

รายการสื่อสารสนเทศ

ลำดับที่ ประเภท เลขเรียก/บาร์โค้ด สถานที่ สถานะ
1. วิทยาศาสตร์การแพทย์ และสุขภาพ
หนังสือสำรอง
สถานะ=หนังสือสำรอง
WA100 L784 ล.1 ฉ.1 
  Barcode: 031526
ห้องสมุดวิทยาเขตสวรรค์ประชารักษ์
►ส่วนจัดเก็บหนังสือเก่า สปร
บนชั้น
  ขอยืม

รายการใกล้เคียง
    หัวเรื่อง [สุขภาพ]
    หัวเรื่อง [การดูแลสุขภาพด้วยตนเอง]

BibComment


ยังไม่เคยถูกคอมเมนท์

คอมเมนท์ทรัพยากรรายการนี้
  คอมเมนท์: Live long stron..


 Copyright 2026. Bcnsprnw @Library